Statistiques concernant Clic Les mois dans les titres de film

Cliquez ici pour prendre le quiz!

Statistiques générales

  • Ce quiz a été pris 19 fois
  • Le résultat moyen est 6 sur 67

Statistiques - réponses

HintRéponse% Correct
En (...), fais ce qu'il te plait05 mai
71%
Poison d'/de (...)04 avril
35%
Poisson d'/de (...)04 avril
29%
Milou en (...)05 mai
29%
Deuxième quinzaine de (...)07 juillet
24%
Ce cher mois d'/de (...)08 août
24%
A la poursuite d'/de (...) rouge10 octobre
24%
(...), printemps précoce02 février
18%
(...) enchanté04 avril
18%
Quelques jours en (...)04 avril
18%
Souvenirs d'/de (...)04 avril
18%
Folies d'/de (...)04 avril
18%
Né un 4 (...)07 juillet
18%
Quatorze (...)07 juillet
18%
La fille du 14 (...)07 juillet
18%
Lune de (...)11 novembre
18%
De l'autre côté de (...)11 novembre
18%
23 (...)12 décembre
18%
Les routes en (...)02 février
12%
Chanson d'/de (...)04 avril
12%
Cavalcade d'/de (...)04 avril
12%
Le déjeuner du 15 (...)08 août
12%
Oslo, 31 (...)08 août
12%
Paris au mois d'/de (...)08 août
12%
Marie (...)10 octobre
12%
Les chats de (...)11 novembre
12%
Nuit de (...)12 décembre
12%
Requiem de (...)01 janvier
6%
Capitaine (...)01 janvier
6%
Assassinat en (...)02 février
6%
L'île du 30 (...)02 février
6%
Capitaines d'/de (...)04 avril
6%
Les mois d'/de (...) sont meurtriers04 avril
6%
Une nuit de (...)05 mai
6%
Julie en (...)07 juillet
6%
Eva en (...)08 août
6%
Les baleines du mois d'/de08 août
6%
La nuit du 11 (...)09 septembre
6%
Le rendez-vous de (...)09 septembre
6%
Ciel de/d'10 octobre
6%
(...) à Paris10 octobre
6%
Lénine en (...)10 octobre
6%
Port-au-Prince, dimanche 4 (...)01 janvier
0%
Les sept jours en (...)01 janvier
0%
15 (...) 183902 février
0%
Noël en (...)03 mars
0%
Mademoiselle (...)04 avril
0%
(...) à Paris04 avril
0%
(...) brisé04 avril
0%
(...) 5004 avril
0%
1er (...) an 200004 avril
0%
(...) rouge04 avril
0%
1er (...)05 mai
0%
C'était le mois de (...)05 mai
0%
Après (...)05 mai
0%
Sept jours en (...)05 mai
0%
4 jours en (...)05 mai
0%
Cinq jours en (...)06 juin
0%
Pluie de (...)07 juillet
0%
Un 22 (...)07 juillet
0%
Rendez-vous de (...)07 juillet
0%
C'est arrivé le 20 (...)07 juillet
0%
15 (...)08 août
0%
Rhapsodie en (...)08 août
0%
Quelques jours en (...)09 septembre
0%
L'homme d'/de (...)10 octobre
0%
(...) 2210 octobre
0%

Distribution des résultats

Percentile par nombre de réponses

% des personnes avec chaque résultat

Votre développement - résultats

Vous n’avez pas pris ce quiz